| 000 | 00666nam a2200217 a 4500 | ||
|---|---|---|---|
| 001 | 64404 | ||
| 003 | BD-RjUL | ||
| 005 | 20211209081315.0 | ||
| 008 | 170214s1942 ill||||| |||| 001 0 eng d | ||
| 035 | _a(BD-RjUL)64534 | ||
| 040 |
_aBD-RjUL _beng _cBD-RjUL |
||
| 041 | _aeng | ||
| 082 |
_223 _a956.9 _bSFN 1942 |
||
| 100 | 1 |
_aSforza, Carlo _9191111 |
|
| 245 | 1 | 0 |
_aThe Near East : _bproblems and prospects / _cCarlo Sforza, C. K. Webster, and Philip W. Ireland |
| 260 |
_aChicago, IL : _bUniversity of Chicago press, _c1942. |
||
| 300 |
_axiv, 265 p. ; _c19 cm. |
||
| 500 | _aIncludes index | ||
| 650 |
_aMiddle East _vEastern question _9191112 |
||
| 942 |
_2ddc _cBK |
||
| 999 |
_c64404 _d64404 |
||